<?xml version="1.0" encoding="UTF-8"?>
<marc:record xmlns:marc="http://www.loc.gov/MARC21/slim">
   <marc:leader>00000nam a2200000 a 4500</marc:leader>
   <marc:datafield ind1="1" ind2=" " tag="100">
      <marc:subfield code="a">Smith, Briony May</marc:subfield>
      <marc:subfield code="4">aut</marc:subfield>
      <marc:subfield code="e">Verfasser/-in</marc:subfield>
   </marc:datafield>
   <marc:datafield ind1="0" ind2="0" tag="245">
      <marc:subfield code="a">Mia und die kleine Meerjungfrau</marc:subfield>
   </marc:datafield>
   <marc:datafield ind1="0" ind2="0" tag="245">
      <marc:subfield code="b">eine magische Freundschaft</marc:subfield>
   </marc:datafield>
   <marc:datafield ind1="0" ind2="0" tag="245">
      <marc:subfield code="c">Briony May Smith ; [aus dem Englischen von Steffi Kress]</marc:subfield>
   </marc:datafield>
   <marc:datafield ind1=" " ind2="1" tag="264">
      <marc:subfield code="a">Stuttgart</marc:subfield>
      <marc:subfield code="b">Esslinger</marc:subfield>
      <marc:subfield code="c">2023</marc:subfield>
   </marc:datafield>
   <marc:datafield ind1="1" ind2=" " tag="520">
      <marc:subfield code="a">Quelle: bn.bibliotheksnachrichten (http://www.biblio.at/literatur/bn/index.html); #Autor: Yasmin Pranger; #Ein Freundschaftsabenteuer voller Magie und Fantasie. (ab 4) (JD)#Davon träumen viele Kinder  eine echte Meerjungfrau zu kennen oder sogar als Freundin bezeichnen zu können. In diesem Märchen spielen das Mädchen Mia und ihre Meeresgefährtin Molly zusammen im Meer und am Ufer des Fischerdorfes Silbersand. In der Nacht des Magischen Mondfests treffen sich die Freundinnen endlich an Land. Eines gibt es allerdings zu beachten: Wenn der Mond untergeht, muss sich Molly im Meer befinden, um das Schwinden der Mondmagie zu verhindern. Als Mia jedoch plötzlich in Not gerät, muss Molly schleunigst eine Entscheidung treffen. Werden die Freundinnen noch rechtzeitig die See erreichen?#Die magische Geschichte, welche im modernen Märchenstil verfasst ist, wird von detailreichen Illustrationen begleitet. Durch die atmosphärischen Bilder wird die ohnehin schon bildhaft formulierte Erzählung förmlich zum Leben erweckt. Da Textpassagen und Bilder meist räumlich getrennt sind und der Text stilistisch einfach gehalten ist, wird der Fokus auf die Illustrationen gelenkt. Das durchgehend spannende Märchen schickt den oder die Leser*in auf eine Welle der Fantasie und der Gefühle. Ein Genuss für das Auge und eine Erwärmung für das Herz! Sehr zu empfehlen für Wassernixen und Meermänner ab 4 Jahren.</marc:subfield>
   </marc:datafield>
   <marc:datafield ind1=" " ind2=" " tag="020">
      <marc:subfield code="a">9783480238507</marc:subfield>
      <marc:subfield code="9">9783480238507</marc:subfield>
   </marc:datafield>
   <marc:datafield ind1=" " ind2=" " tag="041">
      <marc:subfield code="a">ger</marc:subfield>
   </marc:datafield>
   <marc:datafield ind1=" " ind2=" " tag="300">
      <marc:subfield code="a">34 ungezählte Seiten</marc:subfield>
   </marc:datafield>
</marc:record>
